مقدمة فى علم النفس / (Record no. 31532)
[ view plain ]
| 000 -الفاتح | |
|---|---|
| حقل البيانات ثابتة الطول | 00513nam a2200169Ia 4500 |
| 008 - عناصر البيانات ثابتة الطول - معلومات عامة | |
| حقل البيانات ثابتة الطول | 140319s9999 xx 000 0 ara d |
| 040 ## - مصدر الفهرسة | |
| وكالة الفهرسة الأصلية | GCL / |
| وكالة النسخ | GCL |
| 082 04 - رقم تصنيف ديوى العشرى | |
| رقم التصنيف | 150.1 |
| رقم المادة | ج م |
| 100 1# - المدخل الرئيسى - إسم شخصى | |
| الإسم الشخصى | جابر عبدالحميد جابر |
| 245 10 - بيان العنوان | |
| العنوان | مقدمة فى علم النفس / |
| بيان المسئوليه,etc | جابر عبدالحميد جابر |
| 700 1# - المدخل الاضافى - اسم شخصى | |
| الإسم الشخصى | صفاء الاعسر |
| 700 1# - المدخل الاضافى - اسم شخصى | |
| الإسم الشخصى | ابراهيم قشقوش |
| 260 ## - PUBLICATION, DISTRIBUTION, ETC. (IMPRINT) | |
| تاريخ النشر أو التوزيع | 1985 |
| 300 ## - الوصف المادى | |
| التعداد | 478 |
| 490 ## - بيان السلسلة | |
| عنوان السلسلة | |
| 260 ## - PUBLICATION, DISTRIBUTION, ETC. (IMPRINT) | |
| -- | [S.N] : |
| -- | دار النهضة العربية ، |
| حالة التراجع | حالة الفقد | حالة تلف | ليس للاعارة | المكان المؤقت | الموقع الحالى | تاريخ الاكتساب | اجمالي اﻻعارات | رقم الطلب | الباركود | تاريخ اخر مشاهدة | تاريخ تفعيل السعر | نوع وعاء كوها |
|---|---|---|---|---|---|---|---|---|---|---|---|---|
| مكتبة القاهرة الكبرى | مكتبة القاهرة الكبرى | 03/26/2014 | 150.1\ج م | 73887 | 03/26/2014 | 03/26/2014 | كتاب | |||||
| مكتبة القاهرة الكبرى | مكتبة القاهرة الكبرى | 03/26/2014 | 150.1\ج م | 73888 | 03/26/2014 | 03/26/2014 | كتاب | |||||
| مكتبة القاهرة الكبرى | مكتبة القاهرة الكبرى | 03/26/2014 | 150.1\ج م | 73889 | 03/26/2014 | 03/26/2014 | كتاب | |||||
| مكتبة القاهرة الكبرى | مكتبة القاهرة الكبرى | 03/26/2014 | 150.1\ج م | 73890 | 03/26/2014 | 03/26/2014 | كتاب |

